Library Catalog

Whaling / (Record no. 492959)

MARC details
000 -LEADER
fixed length control field 00930nam a2200217 4500
003 - CONTROL NUMBER IDENTIFIER
control field OSt
005 - DATE AND TIME OF LATEST TRANSACTION
control field 20260602131246.0
008 - FIXED-LENGTH DATA ELEMENTS--GENERAL INFORMATION
fixed length control field 260602b |||||||| |||| 00| 0 eng d
020 ## - INTERNATIONAL STANDARD BOOK NUMBER
International Standard Book Number 9781781727065
040 ## - CATALOGING SOURCE
Original cataloging agency Kenya National Library Service
082 ## - DEWEY DECIMAL CLASSIFICATION NUMBER
Classification number 741.5973 MUN
100 ## - MAIN ENTRY--PERSONAL NAME
Personal name Munday, Nathan
Relator term Author
245 ## - TITLE STATEMENT
Title Whaling /
Statement of responsibility, etc. Nathan Munday.
300 ## - PHYSICAL DESCRIPTION
Extent 232 pages :
Other physical details illustrations,
Dimensions 21 cm.
520 ## - SUMMARY, ETC.
Summary, etc. 1792.Nantucket whalers are invited to found the port of Milford Haven in Wales. What does the arrival of these hardy Quakers - immigrants to America a century before - mean for the local people? And what is the meaning of the beached whale that preceded them? Two cultures rub against each other and distrust grows, driven by the local preacher.
650 ## - SUBJECT ADDED ENTRY--TOPICAL TERM
Topical term or geographic name entry element Arts & recreation.
650 ## - SUBJECT ADDED ENTRY--TOPICAL TERM
Topical term or geographic name entry element Decorative Arts.
942 ## - ADDED ENTRY ELEMENTS (KOHA)
Source of classification or shelving scheme Dewey Decimal Classification
Koha item type Books
Suppress in OPAC No
Holdings
Withdrawn status Source of classification or shelving scheme Damaged status Not for loan Home library Current library Date acquired Source of acquisition Cost, normal purchase price Total checkouts Full call number Barcode Date last seen Price effective from Koha item type
  Dewey Decimal Classification     Buru Buru Library Acquisition, Cataloguing, Classification and Distribution Development 06/02/2026 BAI 1249.00   741.5973 MUN B231711 06/02/2026 06/02/2026 Books

© 2025, Kenya National Library Service | Designed & Maintained by Uvumbuzi Center